Score 0/91 Timer 10:00
0 Plays Today
% Correct
foot,
97.2%
foot,
97.2%
foot,
97.2%
foot,
97.2%
foot,
97.2%
foot,
97.2%
foot,
97.2%
foot-
97.2%
Left
95.8%
left
95.8%
left
95.8%
left
95.8%
right
93.1%
right
93.1%
right
93.1%
right
93.1%
and
80.6%
the
80.6%
apple,
80.6%
a
80.6%
a
80.6%
a
80.6%
the
80.6%
on
76.4%
an
76.4%
on
76.4%
on
76.4%
it
75%
it
75%
it
75%
take
73.6%
% Correct
She
73.6%
bite.
70.8%
bite,
70.8%
at
69.4%
gonna
66.7%
gonna
66.7%
her
66.7%
walking
65.3%
walking
65.3%
no,
63.9%
no.
63.9%
takes
63.9%
takes
63.9%
look
63.9%
lady
62.5%
Randy.
61.1%
for
59.7%
man
58.3%
Chews
58.3%
Fat
56.9%
there,
56.9%
Come
56.9%
wipe
56.9%
blouse.
56.9%
Fat
56.9%
dog
55.6%
over!
55.6%
times,
55.6%
over.
55.6%
three
55.6%
times,
55.6%
% Correct
his
54.2%
She's
54.2%
four
54.2%
with
52.8%
in
52.8%
once,
52.8%
twice,
52.8%
Hey
51.4%
hard
51.4%
down
51.4%
road.
51.4%
Rover!
50%
first,
50%
long,
50%
kids
48.6%
breathe
47.2%
Red-headed
45.8%
reachin'
45.8%
stops.
38.9%
They're
38.9%
fog.
37.5%
old
37.5%
through
36.1%
morning
36.1%
husband
36.1%
Saliva
23.6%
working,
23.6%
Drove
20.8%
Uh,
13.9%
Remove Ads.
Support Sporcle.
Get the best of Sporcle when you Go Orange. This ad-free experience offers more features, more stats, and more fun while also helping to support Sporcle. Thank you for becoming a member.

You're not logged in!

Compare scores with friends on all Sporcle quizzes.
OR
Log In

Show Comments

Extras

Top Quizzes Today


Score Distribution

Your Account Isn't Verified!

In order to create a playlist on Sporcle, you need to verify the email address you used during registration. Go to your Sporcle Settings to finish the process.

Report this User

Report this user for behavior that violates our Community Guidelines.

Details: